Mme de la Fayette / (Record no. 155147)

MARC details
000 -LEADER
campo de control de longitud fija 00833nam a22002175i 4500
001 - NÚMERO DE CONTROL
campo de control 155147
003 - IDENTIFICADOR DE NÚMERO DE CONTROL
campo de control ES-MaACL
005 - FECHA Y HORA DE LA ÚLTIMA TRANSACCIÓN
campo de control 20251009063057.0
008 - DATOS DE LONGITUD FIJA--INFORMACIÓN GENERAL
campo de control de longitud fija 940301s1891 fr |||| | fre d
040 ## - FUENTE DE CATALOGACIÓN
Centro catalogador/agencia de origen AS
Lengua de catalogación spa
080 ## - NÚMERO DE LA CLASIFICACIÓN DECIMAL UNIVERSAL
Número de la Clasificación Decimal Universal 929 La Fayette, Marie-Madeleine Pioche de La Vergne
100 1# - ENTRADA PRINCIPAL--NOMBRE DE PERSONA
Nombre de persona Haussonville, Gabriel-Paul- Othenin d',
Fechas asociadas al nombre 1843-1924
9 (RLIN) 62127
245 10 - MENCIÓN DEL TÍTULO
Título Mme de la Fayette /
Mención de responsabilidad, etc. par Le Comte d'Haussonville.
260 ## - PUBLICACIÓN, DISTRIBUCIÓN, ETC.
Lugar de publicación, distribución, etc. Paris :
Nombre del editor, distribuidor, etc. Librairie Hachette et Cie.,
Fecha de publicación, distribución, etc. 1891.
300 ## - DESCRIPCIÓN FÍSICA
Extensión 222 p., [1] h. de lám. ;
Dimensiones 18 cm.
490 1# - MENCIÓN DE SERIE
Mención de serie Les grands écrivains français
600 04 - PUNTO DE ACCESO ADICIONAL DE MATERIA--NOMBRE DE PERSONA
Nombre de persona La Fayette, Marie-Madeleine Pioche de la Vergne
Títulos y otros términos asociados al nombre comtesse de.
9 (RLIN) 69144
830 0# - PUNTO DE ACCESO ADICIONAL DE SERIE-TÍTULO UNIFORME
Título uniforme Les grands écrivains français
9 (RLIN) 182230
852 ## - LOCALIZACIÓN
Ubicación ES-MaACL
Número de control de estantería B-3175(1)
Nota libre -- Enc. pasta española, con otra obra
Holdings
Estatus retirado Estado de pérdida Estado de daño No para préstamo Colección Biblioteca de origen Biblioteca actual Ubicación en estantería Fecha de adquisición Fuente de adquisición Total de préstamos Signatura topográfica completa Código de barras Visto por última vez Precio de reemplazo Tipo de ítem Koha
        Libros del s. XIX Biblioteca del Ateneo de Madrid Biblioteca del Ateneo de Madrid Sala Pardo Bazán 17/01/2008     B-3175(1) 1162292 23/02/2023 23/02/2023 Libro impreso antiguo